|
|
|
|
| LEADER |
03197nam a22004815i 4500 |
| 001 |
978-1-4842-2556-1 |
| 003 |
DE-He213 |
| 005 |
20161220045114.0 |
| 007 |
cr nn 008mamaa |
| 008 |
161220s2017 xxu| s |||| 0|eng d |
| 020 |
|
|
|a 9781484225561
|9 978-1-4842-2556-1
|
| 024 |
7 |
|
|a 10.1007/978-1-4842-2556-1
|2 doi
|
| 040 |
|
|
|d GrThAP
|
| 050 |
|
4 |
|a QA76.7-76.73
|
| 050 |
|
4 |
|a QA76.76.C65
|
| 072 |
|
7 |
|a UMX
|2 bicssc
|
| 072 |
|
7 |
|a UMC
|2 bicssc
|
| 072 |
|
7 |
|a COM051010
|2 bisacsh
|
| 072 |
|
7 |
|a COM010000
|2 bisacsh
|
| 082 |
0 |
4 |
|a 005.13
|2 23
|
| 100 |
1 |
|
|a Prettyman, Steve.
|e author.
|
| 245 |
1 |
0 |
|a PHP Arrays
|h [electronic resource] :
|b Single, Multi-dimensional, Associative and Object Arrays in PHP 7 /
|c by Steve Prettyman.
|
| 264 |
|
1 |
|a Berkeley, CA :
|b Apress :
|b Imprint: Apress,
|c 2017.
|
| 300 |
|
|
|a XV, 161 p. 9 illus. in color.
|b online resource.
|
| 336 |
|
|
|a text
|b txt
|2 rdacontent
|
| 337 |
|
|
|a computer
|b c
|2 rdamedia
|
| 338 |
|
|
|a online resource
|b cr
|2 rdacarrier
|
| 347 |
|
|
|a text file
|b PDF
|2 rda
|
| 505 |
0 |
|
|a 1. PHP 7 Basics -- 2. Simple Arrays -- 3. Multi-dimensional Arrays -- 4. Associative and Object Arrays -- 5. PHP Functions – Changing, Spliting, Slicing, and Sorting Arrays -- 6. PHP Functions – Comparing and Merging Arrays -- 7. PHP Functions – Searching, Traversing, and Displaying Arrays -- A. Case Study – Playing Checkers.
|
| 520 |
|
|
|a Gain an in-depth understanding of PHP 7 arrays. After a quick overview of PHP 7, each chapter concentrates on single, multi-dimensional, associative, and object arrays. PHP Arrays is a first of its kind book using PHP 7 that demonstrates inserting, appending, updating, and deleting array data. This book also covers validation methods to insure that the data provided by a user is good before the data is entered into an array. You’ll see how PHP 7 try/catch modules are used to capture exceptions and errors that may be caused by invalid data. The code examples demonstrate common real-world scenarios. Moreover, examples of every PHP 7 array function (over 75) are demonstrated. The appendix provides a two-dimensional array case study on the logical design of a checkers game. PHP Arrays answers the following questions: Why do we need arrays? When do we need to use arrays? Are arrays efficient? Can arrays reduce coding time? When do you use multi-dimensional and associative arrays? What is an object array? What You'll Learn Handle array data from an HTML form Manage array data from a text file Deal with array data from a MySQL database Who This Book Is For Experienced PHP programmers or web developers using PHP. .
|
| 650 |
|
0 |
|a Computer science.
|
| 650 |
|
0 |
|a Computer programming.
|
| 650 |
|
0 |
|a Programming languages (Electronic computers).
|
| 650 |
1 |
4 |
|a Computer Science.
|
| 650 |
2 |
4 |
|a Programming Languages, Compilers, Interpreters.
|
| 650 |
2 |
4 |
|a Programming Techniques.
|
| 650 |
2 |
4 |
|a Web Development.
|
| 710 |
2 |
|
|a SpringerLink (Online service)
|
| 773 |
0 |
|
|t Springer eBooks
|
| 776 |
0 |
8 |
|i Printed edition:
|z 9781484225554
|
| 856 |
4 |
0 |
|u http://dx.doi.org/10.1007/978-1-4842-2556-1
|z Full Text via HEAL-Link
|
| 912 |
|
|
|a ZDB-2-CWD
|
| 950 |
|
|
|a Professional and Applied Computing (Springer-12059)
|